000 00844nas a2200289 4500
001 BR7903593
003 BR-BrBNA
005 20231205083803.0
007 ta
008 230509b bl.|||p| |||| 00| 00por d
040 _aBR-BrBNA
_bpor
_cBiblioteca Nacional de Agricultura
041 _a(Pt)
072 _aF10
100 1 _aVilela, E. de A.
100 1 _aRamalho, M.A.P.
245 1 _aAnalise das temperaturas e precipitacoes pluviometricas de Lavras, Minas Gerais [Brasil]
650 _aMETEOROLOGIA
650 _aCLIMATOLOGIA
650 _aPRECIPITACAO PLUVIAL
650 _aCHUVA
650 _aTEMPERATURA
650 _aLAVRAS
650 _aMINAS GERAIS
773 0 _tCiencia e Pratica (Brazil)
_xISSN 0100-3267
_g(Jan 1979), v. 3(1) p. 71-79
_wBR7903593
909 _a202311
_bLúcia
_c55
_dLúcia Elande
942 _2AGRIS
_n0
_cANA
999 _c101175
_d101175